Histoire generale de Languedoc, avec des Notes & les Pieces justificatives : (Record no. 167387)
[ view plain ]
| 000 -LEADER | |
|---|---|
| campo de control de longitud fija | 01469nam a2200277 i 4500 |
| 001 - NÚMERO DE CONTROL | |
| campo de control | 167387 |
| 003 - IDENTIFICADOR DE NÚMERO DE CONTROL | |
| campo de control | ES-MaACL |
| 005 - FECHA Y HORA DE LA ÚLTIMA TRANSACCIÓN | |
| campo de control | 20250820122228.0 |
| 008 - DATOS DE LONGITUD FIJA--INFORMACIÓN GENERAL | |
| campo de control de longitud fija | 981125s1730 fr a |||| | fre d |
| 100 1# - ENTRADA PRINCIPAL--NOMBRE DE PERSONA | |
| Nombre de persona | Vic, Claude de. |
| 9 (RLIN) | 133664 |
| 245 10 - MENCIÓN DEL TÍTULO | |
| Título | Histoire generale de Languedoc, avec des Notes & les Pieces justificatives : |
| Resto del título | composée sur les Auteurs & les Titres originaux, & enrichie de divers Monumens / |
| Mención de responsabilidad, etc. | par deux Religieux Benedictins de la Congregation de S. Maur ; tome premier. |
| 260 ## - PUBLICACIÓN, DISTRIBUCIÓN, ETC. | |
| Lugar de publicación, distribución, etc. | A Paris : |
| Nombre del editor, distribuidor, etc. | Chez Jacques Vincent, Imprimeur des Etats Generaux de la Province de Languedoc, |
| Fecha de publicación, distribución, etc. | 1730. |
| 300 ## - DESCRIPCIÓN FÍSICA | |
| Extensión | XX, 758 p., 214 col., [2] p., 4 h. de grab., 2 h. de map. pleg., 6 h. de grab. pleg. ; |
| Dimensiones | Fol. |
| 510 4# - NOTA DE CITAS O REFERENCIAS BIBLIOGRÁFICAS | |
| Nombre de la fuente | BARBIER, |
| Localización dentro de la fuente | t. II, col. 809 |
| 530 ## - NOTA DISPONIBLE DE FORMULARIO FÍSICO ADICIONAL | |
| Nota de formato físico adicional disponible | Disponible en formato digital. |
| 594 ## - Nota al título y mención de responsabilidad | |
| Nota al título y mención de responsabilidad | Barbier también atribuye la obra a Joseph Vaissette, como coautor. |
| 597 ## - NOTA DE DESCRIPCIÓN FÍSICA | |
| NOTA DE DESCRIPCIÓN FÍSICA | Sign.: ã-e~4, i~2, A-Z4, 2A-2Z4, 3A-3Z4, 4A-4Z4, 5A-5B4, 5C2, 5D1, A4, B2, C-M4, O-U2. |
| 597 ## - NOTA DE DESCRIPCIÓN FÍSICA | |
| NOTA DE DESCRIPCIÓN FÍSICA | Port. a dos tintas con grab. calc. |
| 597 ## - NOTA DE DESCRIPCIÓN FÍSICA | |
| NOTA DE DESCRIPCIÓN FÍSICA | Las h. pleg. en p. 53, 97, 99, 101, 123, 297. |
| 599 ## - NOTA A LAS ILUSTRACIONES | |
| NOTA A LAS ILUSTRACIONES | Letras capitales y cabeceras de diferentes autores. |
| 651 #4 - PUNTO DE ACCESO ADICIONAL DE MATERIA--NOMBRE GEOGRÁFICO | |
| Nombre geográfico | Languedoc- |
| Subdivisión general | Historia. |
| 9 (RLIN) | 174652 |
| 700 1# - ENTRADA AGREGADA--NOMBRE PERSONAL | |
| Nombre de persona | Vaissète, Joseph, |
| Fechas asociadas al nombre | 1685-1756 |
| 9 (RLIN) | 163023 |
| 852 4# - LOCALIZACIÓN | |
| Ubicación | ES-MaACL |
| Número de control de estantería | R-2070-4 |
| Nota libre | - Enc. pasta |
| -- | - Ex-libris de la Biblioteca Real. Olim: G-4417-21. |
| 856 4# - LOCALIZACIÓN Y ACCESO ELECTRÓNICOS | |
| Identificador Uniforme de Recursos | <a href="http://data.onb.ac.at/ABO/%2BZ168659902 ">http://data.onb.ac.at/ABO/%2BZ168659902 </a> |
| Nota pública | Europeana |
| Estatus retirado | Estado de pérdida | Estado de daño | No para préstamo | Colección | Biblioteca de origen | Biblioteca actual | Ubicación en estantería | Fecha de adquisición | Total de préstamos | Signatura topográfica completa | Código de barras | Visto por última vez | Precio de reemplazo | Tipo de ítem Koha |
|---|---|---|---|---|---|---|---|---|---|---|---|---|---|---|
| Colección digital | Biblioteca del Ateneo de Madrid | Biblioteca del Ateneo de Madrid | Depósito | 17/01/2008 | R-2070-4 | 1175598 | 23/02/2023 | 23/02/2023 | Libro impreso antiguo |
